[Event "Titled Tuesday intern op 23rd Nov"]
[Site "Chess.com INT"]
[Date "2021.11.23"]
[Round "2"]
[White "Kamsky, Gata"]
[Black "Lavrov, Maxim"]
[Result "1-0"]
[WhiteElo "2657"]
[BlackElo "2398"]
[PlyCount "77"]
[EventDate "2021.11.23"]
[EventType "swiss (blitz)"]
[EventRounds "11"]
[EventCountry "USA"]
[SourceTitle "CBM 205 Extra"]
[Source "ChessBase"]
[SourceDate "2022.01.31"]
[SourceVersion "1"]
[SourceVersionDate "2022.01.31"]
[SourceQuality "1"]

1. e4 e5 2. Nf3 Nc6 3. Bb5 a6 4. Ba4 Nf6 5. 0-0 Be7 6. Re1 b5 7. Bb3 d6 8. c3 0-0 9. d4 Bg4 10. d5 Nb8 11. h3 Bc8 12. c4 c6 13. Nc3 bxc4 14. Bxc4 Bb7 15. dxc6 Nxc6 16. a3 Rc8 17. Ba2 Na5 18. Bg5 Nc4 19. Qe2 Nxa3 20. Bxf6 Bxf6 21. Bxf7+ Rxf7 22. Rxa3 Qb6 23. Rd1 Rfc7 24. Qd2 Be7 25. Nd5 Bxd5 26. Qxd5+ Kh8 27. Rb3 Qa7 28. Rd2 h6 29. g3 Rf8 30. Kg2 Rc5 31. Qb7 Qxb7 32. Rxb7 Re8 33. Ra7 Ra5 34. Rc2 Kg8 35. Rcc7 Bf8 36. Nh4 Rb5 37. Nf5 Rxb2 38. Nxg7 Reb8 39. Nh5 1-0

[Event "Titled Tuesday intern op 23rd Nov"]
[Site "Chess.com INT"]
[Date "2021.11.23"]
[Round "4"]
[White "Lavrov, Maxim"]
[Black "Bluebaum, Matthias"]
[Result "0-1"]
[WhiteElo "2398"]
[BlackElo "2647"]
[PlyCount "80"]
[EventDate "2021.11.23"]
[EventType "swiss (blitz)"]
[EventRounds "11"]
[EventCountry "USA"]
[SourceTitle "CBM 205 Extra"]
[Source "ChessBase"]
[SourceDate "2022.01.31"]
[SourceVersion "1"]
[SourceVersionDate "2022.01.31"]
[SourceQuality "1"]

1. e4 e6 2. d4 d5 3. e5 c5 4. c3 Nc6 5. Nf3 Bd7 6. a3 Qb6 7. b4 cxd4 8. cxd4 Rc8 9. Be2 Nxd4 10. Nxd4 Rxc1 11. Qxc1 Qxd4 12. Qc3 Qxc3+ 13. Nxc3 Ne7 14. f4 g5 15. g3 gxf4 16. gxf4 Ng6 17. 0-0 Bh6 18. f5 Nxe5 19. fxe6 fxe6 20. Rae1 Be3+ 21. Kh1 d4 22. Bb5 Bxb5 23. Nxb5 Ke7 24. Nc3 Bd2 25. Rxe5 dxc3 26. Rc5 Kd6 27. Kg2 b6 28. Rc4 Kd5 29. Rc7 Ke4 30. Rff7 Ke3 31. Rf3+ Ke2 32. Rcxc3 Bxc3 33. Rxc3 Rg8+ 34. Kh3 e5 35. Rc7 e4 36. Rxa7 e3 37. Rxh7 Re8 38. Rd7 Kf1 39. Rf7+ Kg1 40. Rg7+ Kh1 0-1

[Event "Titled Tuesday intern op 23rd Nov"]
[Site "Chess.com INT"]
[Date "2021.11.23"]
[Round "10"]
[White "Lavrov, Maxim"]
[Black "Mirzoev, Azer"]
[Result "1/2-1/2"]
[WhiteElo "2398"]
[BlackElo "2420"]
[PlyCount "92"]
[EventDate "2021.11.23"]
[EventType "swiss (blitz)"]
[EventRounds "11"]
[EventCountry "USA"]
[SourceTitle "CBM 205 Extra"]
[Source "ChessBase"]
[SourceDate "2022.01.31"]
[SourceVersion "1"]
[SourceVersionDate "2022.01.31"]
[SourceQuality "1"]

1. e4 e5 2. Nf3 Nc6 3. Bb5 a6 4. Ba4 Nge7 5. c3 d6 6. d3 Bd7 7. 0-0 g6 8. Nbd2 Bg7 9. Re1 0-0 10. Nf1 h6 11. Ng3 Kh7 12. h3 Be6 13. d4 exd4 14. cxd4 d5 15. Bc2 dxe4 16. Nxe4 Bd5 17. Bf4 Nf5 18. Neg5+ Kg8 19. Ne4 Re8 20. Qd2 Kh7 21. Rad1 Nfxd4 22. Nxd4 Nxd4 23. Bxh6 Bxe4 24. Bxg7 Kxg7 25. Bxe4 c5 26. Bxb7 Rxe1+ 27. Qxe1 Ra7 28. Qe5+ Qf6 29. Qxf6+ Kxf6 30. Be4 Re7 31. Bd3 a5 32. Kf1 Rb7 33. b3 Ke5 34. Bc4 f5 35. Re1+ Kf6 36. f4 a4 37. Re3 axb3 38. axb3 Ra7 39. g4 fxg4 40. hxg4 g5 41. Re5 gxf4 42. Rxc5 Ra1+ 43. Kf2 Ra2+ 44. Kf1 Ra1+ 45. Kf2 Ra2+ 46. Kf1 Ra1+ 1/2-1/2

[Event "Titled Tuesday intern op 16th Nov"]
[Site "Chess.com INT"]
[Date "2021.11.16"]
[Round "9"]
[White "Bogdanov, Egor"]
[Black "Lavrov, Maxim"]
[Result "1-0"]
[WhiteElo "2427"]
[BlackElo "2398"]
[PlyCount "49"]
[EventDate "2021.11.16"]
[EventType "swiss (blitz)"]
[EventRounds "11"]
[EventCountry "USA"]
[SourceTitle "CBM 205 Extra"]
[Source "ChessBase"]
[SourceDate "2022.01.31"]
[SourceVersion "1"]
[SourceVersionDate "2022.01.31"]
[SourceQuality "1"]

1. e4 e5 2. d4 exd4 3. Nf3 Nc6 4. c3 d3 5. Bxd3 d6 6. Nd4 Nf6 7. 0-0 Be7 8. f4 0-0 9. Kh1 Re8 10. Be3 Bf8 11. Nd2 Nxd4 12. cxd4 Bf5 13. Qf3 Bg4 14. Qg3 Bc8 15. Rae1 c6 16. f5 Qc7 17. Bg5 Nh5 18. Qh4 g6 19. g4 Ng7 20. Nf3 c5 21. d5 c4 22. Bc2 b5 23. f6 Ne6 24. dxe6 Bxe6 25. Bh6 1-0

[Event "Titled Tuesday intern op 16th Nov"]
[Site "Chess.com INT"]
[Date "2021.11.16"]
[Round "4"]
[White "Kamsky, Gata"]
[Black "Lavrov, Maxim"]
[Result "1-0"]
[WhiteElo "2657"]
[BlackElo "2398"]
[PlyCount "45"]
[EventDate "2021.11.16"]
[EventType "swiss (blitz)"]
[EventRounds "11"]
[EventCountry "USA"]
[SourceTitle "CBM 205 Extra"]
[Source "ChessBase"]
[SourceDate "2022.01.31"]
[SourceVersion "1"]
[SourceVersionDate "2022.01.31"]
[SourceQuality "1"]

1. e4 e5 2. Nf3 Nc6 3. Bb5 a6 4. Ba4 Nf6 5. 0-0 Be7 6. Re1 b5 7. Bb3 0-0 8. c3 d5 9. d4 dxe4 10. Nxe5 Bb7 11. Nxc6 Bxc6 12. Bg5 h6 13. Bxf6 Bxf6 14. Nd2 Re8 15. Qg4 Bd7 16. Qh5 Be6 17. Nxe4 Bxb3 18. axb3 Be7 19. b4 c6 20. Re3 a5 21. bxa5 Rxa5 22. Rae1 Kh8 23. Qxf7 1-0

[Event "Titled Tuesday intern op 16th Nov"]
[Site "Chess.com INT"]
[Date "2021.11.16"]
[Round "8"]
[White "Lavrov, Maxim"]
[Black "Zelbel, Patrick"]
[Result "0-1"]
[WhiteElo "2398"]
[BlackElo "2466"]
[PlyCount "58"]
[EventDate "2021.11.16"]
[EventType "swiss (blitz)"]
[EventRounds "11"]
[EventCountry "USA"]
[SourceTitle "CBM 205 Extra"]
[Source "ChessBase"]
[SourceDate "2022.01.31"]
[SourceVersion "1"]
[SourceVersionDate "2022.01.31"]
[SourceQuality "1"]

1. e4 e5 2. Nf3 Nc6 3. Bb5 a6 4. Ba4 Nge7 5. d3 g6 6. c3 Bg7 7. 0-0 0-0 8. Nbd2 d6 9. Re1 h6 10. h3 Be6 11. Bb3 Qd7 12. Bxe6 Qxe6 13. Nc4 f5 14. exf5 gxf5 15. Nd4 Qg6 16. Nxc6 Nxc6 17. Qb3 Kh8 18. Qxb7 d5 19. Ne3 Rab8 20. Qxc7 Rf7 21. Qxb8+ Nxb8 22. Nxd5 f4 23. c4 Nc6 24. b3 Nd4 25. Bb2 Nf3+ 26. Kh1 Nxe1 27. Kg1 Nxd3 28. Kh1 Nxb2 29. Re1 Nd3 0-1

[Event "Titled Tuesday intern op 09th Nov"]
[Site "Chess.com INT"]
[Date "2021.11.09"]
[Round "8"]
[White "Lavrov, Maxim"]
[Black "Von Buelow, Georg"]
[Result "1-0"]
[WhiteElo "2398"]
[BlackElo "2361"]
[PlyCount "79"]
[EventDate "2021.11.09"]
[EventType "swiss (blitz)"]
[EventRounds "11"]
[EventCountry "USA"]
[SourceTitle "CBM 205 Extra"]
[Source "ChessBase"]
[SourceDate "2022.01.31"]
[SourceVersion "1"]
[SourceVersionDate "2022.01.31"]
[SourceQuality "1"]

1. Nf3 Nf6 2. g3 g6 3. Bg2 Bg7 4. 0-0 0-0 5. d3 d5 6. Nbd2 d4 7. e4 dxe3 8. fxe3 c5 9. e4 Nc6 10. Re1 b6 11. Nc4 e5 12. h3 Qc7 13. Ne3 h6 14. Nd5 Qd6 15. c4 Bd7 16. Rf1 Kh7 17. Be3 Rae8 18. g4 Nxd5 19. cxd5 Nd4 20. Nxd4 cxd4 21. Bd2 Rc8 22. Qb3 a5 23. Rac1 Kg8 24. Bf3 Rxc1 25. Rxc1 Rc8 26. Rxc8+ Bxc8 27. Qc4 Bd7 28. b4 axb4 29. Bxb4 Qf6 30. Kg2 h5 31. Qc7 hxg4 32. hxg4 Ba4 33. Be7 Qf4 34. Qd8+ Kh7 35. Bg5 Qd2+ 36. Bxd2 Bf6 37. Qxf6 Bd1 38. Bxd1 g5 39. Qxf7+ Kh8 40. Bxg5 1-0

[Event "Titled Tuesday intern op 09th Nov"]
[Site "Chess.com INT"]
[Date "2021.11.09"]
[Round "9"]
[White "Rostovtsev, Dmitry"]
[Black "Lavrov, Maxim"]
[Result "1-0"]
[WhiteElo "2188"]
[BlackElo "2398"]
[PlyCount "83"]
[EventDate "2021.11.09"]
[EventType "swiss (blitz)"]
[EventRounds "11"]
[EventCountry "USA"]
[SourceTitle "CBM 205 Extra"]
[Source "ChessBase"]
[SourceDate "2022.01.31"]
[SourceVersion "1"]
[SourceVersionDate "2022.01.31"]
[SourceQuality "1"]

1. e4 e5 2. Nf3 Nc6 3. d3 Nf6 4. g3 Bc5 5. Bg2 d6 6. 0-0 h6 7. h3 a6 8. c3 Ba7 9. Nbd2 Be6 10. Qe2 Qd7 11. Kh2 g5 12. d4 Bxh3 13. Bxh3 g4 14. Nh4 gxh3 15. d5 Ng4+ 16. Kh1 Ne7 17. Nc4 0-0-0 18. Ne3 Nxe3 19. Bxe3 Bxe3 20. fxe3 Rdf8 21. Kh2 f5 22. exf5 Nxf5 23. Ng6 Qg7 24. Qg4 h5 25. Qg5 Rf6 26. Ne7+ Qxe7 27. Rxf5 Rhf8 28. Raf1 Rxf5 29. Rxf5 Qxg5 30. Rxg5 Rf2+ 31. Kxh3 Rxb2 32. Rxh5 Re2 33. g4 Rxe3+ 34. Kh4 Rxc3 35. g5 Rc1 36. g6 Kd7 37. g7 Rh1+ 38. Kg5 Rg1+ 39. Kf6 Rf1+ 40. Rf5 Rg1 41. Rg5 Rf1+ 42. Kg6 1-0

[Event "Rostov on Don rapid GP Stage 28th"]
[Site "Rostov on Don"]
[Date "2021.10.30"]
[Round "8"]
[White "Lavrov, Maxim"]
[Black "Borisova, Ekaterina"]
[Result "1/2-1/2"]
[WhiteElo "2398"]
[BlackElo "2250"]
[PlyCount "49"]
[EventDate "2021.10.29"]
[EventType "swiss"]
[EventRounds "11"]
[EventCountry "RUS"]
[SourceTitle "CBM 204 Extra"]
[Source "ChessBase"]
[SourceDate "2021.11.30"]
[SourceVersion "1"]
[SourceVersionDate "2021.11.30"]
[SourceQuality "1"]

1. e4 d6 2. d4 Nf6 3. Nc3 e5 4. Nf3 Nbd7 5. Bc4 Be7 6. 0-0 0-0 7. Re1 c6 8. a4 a5 9. h3 Nb6 10. Bf1 exd4 11. Nxd4 d5 12. e5 Ne8 13. Qf3 Nc7 14. Bf4 Ne6 15. Nf5 Nxf4 16. Nxe7+ Qxe7 17. Qxf4 Nd7 18. Rad1 Nc5 19. Bd3 Ne6 20. Qg3 Qb4 21. b3 Qf4 22. Ne2 Qxg3 23. Nxg3 Nf4 24. Bf1 Re8 25. Ne2 1/2-1/2